THE ADVENTUROUS FOUR - SHIPWRECKED (Record no. 381002)

MARC details
000 -LEADER
fixed length control field 00425nam a2200157Ia 4500
008 - FIXED-LENGTH DATA ELEMENTS--GENERAL INFORMATION
fixed length control field 100122s9999 xx 000 0 und d
082 ## - DEWEY DECIMAL CLASSIFICATION NUMBER
Item number 67495
Classification number 823
100 ## - MAIN ENTRY--PERSONAL NAME
Personal name BLYTON ENID
245 ## - TITLE STATEMENT
Title THE ADVENTUROUS FOUR - SHIPWRECKED
250 ## - EDITION STATEMENT
Edition statement 1
260 ## - PUBLICATION, DISTRIBUTION, ETC. (IMPRINT)
Name of publisher, distributor, etc HARPER COLLINS PUBLISHERS
Date of publication, distribution, etc 1998
300 ## - PHYSICAL DESCRIPTION
Extent 188
630 ## - SUBJECT ADDED ENTRY--UNIFORM TITLE
Uniform title THE ADVENTUROUS FOUR - SHIPWRECKED
730 ## - ADDED ENTRY--UNIFORM TITLE
Uniform title THE ADVENTUROUS FOUR - SHIPWRECKED
942 ## - ADDED ENTRY ELEMENTS (KOHA)
Koha item type Book
Holdings
Withdrawn status Lost status Damaged status Not for loan Home library Current library Date acquired Cost, normal purchase price Total Checkouts Full call number Barcode Date last seen Cost, replacement price Price effective from Koha item type Public note
        S.V. Pathak Library, Vile Parle S.V. Pathak Library, Vile Parle 06/29/2005 70.00   67495 SVPPARLE-67495 01/25/2010 70.00 01/25/2010 Book ", , General, NA"